[Event "Gibraltar U16 op"]
[Site "Caleta"]
[Date "2019.08.19"]
[Round "6"]
[White "Miller, Max C"]
[Black "Dhanwani, Aryan"]
[Result "1-0"]
[WhiteElo "1563"]
[BlackElo "1319"]
[PlyCount "91"]
[EventDate "2019.08.16"]
[EventType "swiss"]
[EventRounds "6"]
[EventCountry "GGB"]
[SourceTitle "CBM 195 Extra"]
[Source "ChessBase"]
[SourceDate "2020.05.31"]
[SourceVersion "1"]
[SourceVersionDate "2020.05.31"]
[SourceQuality "1"]

1. Nf3 c6 2. d4 d5 3. e3 Nf6 4. Bd3 Bg4 5. Nbd2 Nbd7 6. b3 e6 7. Bb2 Bd6 8. c4 Bb4 9. Be2 Qa5 10. a3 Bxf3 11. axb4 Bxe2 12. bxa5 Bxd1 13. Kxd1 0-0 14. Ke2 b6 15. Rhc1 Rfc8 16. axb6 axb6 17. Ba3 c5 18. dxc5 bxc5 19. cxd5 exd5 20. b4 c4 21. Bb2 Rxa1 22. Bxa1 Rb8 23. Bc3 Ra8 24. Ra1 Rxa1 25. Bxa1 Kf8 26. Bd4 Ke8 27. f3 g6 28. Nb1 Kd8 29. Nc3 Kc7 30. h3 Kd6 31. Nb5+ Kc6 32. Na7+ Kb7 33. b5 Nb8 34. Bxf6 Kxa7 35. Bd4+ Kb7 36. e4 dxe4 37. fxe4 Nd7 38. Kd2 Nf8 39. Kc3 Ne6 40. Kxc4 Nf4 41. g3 Nxh3 42. Be3 h6 43. e5 Ng5 44. Bxg5 hxg5 45. Kc5 f5 46. exf6 1-0

[Event "Gibraltar U16 op"]
[Site "Caleta"]
[Date "2019.08.16"]
[Round "2"]
[White "Dhanwani, Aryan"]
[Black "Dharmasena, Gavith"]
[Result "0-1"]
[WhiteElo "1319"]
[BlackElo "1585"]
[PlyCount "102"]
[EventDate "2019.08.16"]
[EventType "swiss"]
[EventRounds "6"]
[EventCountry "GGB"]
[SourceTitle "CBM 195 Extra"]
[Source "ChessBase"]
[SourceDate "2020.05.31"]
[SourceVersion "1"]
[SourceVersionDate "2020.05.31"]
[SourceQuality "1"]

1. e4 e5 2. Nf3 Nc6 3. Bc4 Bc5 4. d3 Nf6 5. Nc3 0-0 6. Bg5 h6 7. Bh4 Be7 8. Bxf6 Bxf6 9. Nd5 d6 10. 0-0 Bg4 11. c3 Na5 12. Ne3 Bh5 13. b4 Nxc4 14. Nxc4 c6 15. Ncd2 d5 16. Qc2 Rc8 17. d4 dxe4 18. Qxe4 exd4 19. cxd4 Bg6 20. Qf4 Qb6 21. a3 Rcd8 22. Nb3 Rfe8 23. Rfe1 Rxe1+ 24. Rxe1 Bh5 25. g4 Bg6 26. Nc5 Qb5 27. Ne4 Bxe4 28. Rxe4 Qd3 29. Qe3 Qd1+ 30. Kg2 Kf8 31. Qc3 Rd5 32. Ne5 Bxe5 33. dxe5 Qd3 34. Qxd3 Rxd3 35. Re3 Rxe3 36. fxe3 Ke7 37. Kf3 Ke6 38. Ke4 b6 39. h4 c5 40. bxc5 bxc5 41. a4 g5 42. h5 a5 43. Kd3 Kxe5 44. Kc4 f5 45. gxf5 Kxf5 46. Kb5 g4 47. Kxa5 g3 48. e4+ Kxe4 49. Kb6 g2 50. a5 g1Q 51. a6 c4+ 0-1

[Event "Lanzarote op"]
[Site "Lanzarote"]
[Date "2018.06.29"]
[Round "8"]
[White "Dhanwani, Aryan"]
[Black "Martin Martin, Andrea"]
[Result "1-0"]
[WhiteElo "1145"]
[BlackElo "1288"]
[PlyCount "31"]
[EventDate "2018.06.25"]
[EventType "swiss"]
[EventRounds "9"]
[EventCountry "ESP"]
[SourceTitle "CBM 185 Extra"]
[Source "ChessBase"]
[SourceDate "2018.07.29"]
[SourceVersion "1"]
[SourceVersionDate "2018.07.29"]
[SourceQuality "1"]

1. e4 e5 2. Nf3 Nc6 3. Bc4 Bc5 4. Nc3 Nf6 5. d3 a6 6. Bg5 d6 7. Nd5 h6 8. Nxf6+ gxf6 9. Bh4 Be6 10. Bxe6 fxe6 11. Nd2 d5 12. Qh5+ Kd7 13. exd5 exd5 14. Qf5+ Ke8 15. Bxf6 Rf8 16. Qg6+ 1-0

[Event "Lanzarote op"]
[Site "Lanzarote"]
[Date "2018.06.25"]
[Round "1"]
[White "Prueske, Wolfgang"]
[Black "Dhanwani, Aryan"]
[Result "1-0"]
[WhiteElo "2000"]
[BlackElo "1145"]
[PlyCount "57"]
[EventDate "2018.06.25"]
[EventType "swiss"]
[EventRounds "9"]
[EventCountry "ESP"]
[SourceTitle "CBM 185 Extra"]
[Source "ChessBase"]
[SourceDate "2018.07.29"]
[SourceVersion "1"]
[SourceVersionDate "2018.07.29"]
[SourceQuality "1"]

1. e4 c6 2. d4 d5 3. e5 e6 4. Nf3 c5 5. c3 c4 6. b3 b5 7. a4 Qa5 8. Bb2 b4 9. bxc4 bxc3 10. Bxc3 Bb4 11. Qd2 Nc6 12. cxd5 exd5 13. Bb5 Nge7 14. Bxb4 Qc7 15. Bxe7 Kxe7 16. Qg5+ Kf8 17. Bxc6 Qxc6 18. Qd8+ Qe8 19. Qxe8+ Kxe8 20. Nc3 Be6 21. Rb1 Kd7 22. Kd2 Rab8 23. Rxb8 Rxb8 24. Rb1 Rxb1 25. Nxb1 a5 26. Nc3 Ke7 27. Ng5 h6 28. Nxe6 fxe6 29. Nb5 1-0

[Event "Gibraltar Amateur op-A"]
[Site "Caleta"]
[Date "2018.01.25"]
[Round "4"]
[White "Lake, Andrew N"]
[Black "Dhanwani, Aryan"]
[Result "1-0"]
[WhiteElo "1703"]
[BlackElo "1083"]
[PlyCount "57"]
[EventDate "2018.01.22"]
[EventType "swiss"]
[EventRounds "5"]
[EventCountry "GGB"]
[SourceTitle "EXT 2019"]
[Source "ChessBase"]
[SourceDate "2018.10.10"]
[SourceVersion "1"]
[SourceVersionDate "2018.10.10"]
[SourceQuality "1"]

1. g4 e5 2. Bg2 Bc5 3. c3 d5 4. h3 Ne7 5. d4 exd4 6. cxd4 Bd6 7. Nc3 c6 8. Nf3 Be6 9. e4 Bb4 10. 0-0 Bxc3 11. bxc3 dxe4 12. Ng5 Bd5 13. Nxe4 0-0 14. Qc2 f5 15. Nc5 Bxg2 16. Kxg2 Qd5+ 17. f3 b6 18. Nd3 fxg4 19. hxg4 Na6 20. Ba3 Qf7 21. Rae1 Rfe8 22. Ne5 Qd5 23. Rh1 g6 24. Kg3 Qe6 25. Qh2 Nb8 26. Qxh7+ Kf8 27. Nxg6+ Qxg6 28. Qxg6 Nd7 29. Rh8# 1-0

[Event "Gibraltar Amateur op-A"]
[Site "Caleta"]
[Date "2018.01.22"]
[Round "1"]
[White "Dhanwani, Aryan"]
[Black "Klementys, Jerzy"]
[Result "0-1"]
[WhiteElo "1083"]
[BlackElo "1739"]
[PlyCount "122"]
[EventDate "2018.01.22"]
[EventType "swiss"]
[EventRounds "5"]
[EventCountry "GGB"]
[SourceTitle "EXT 2019"]
[Source "ChessBase"]
[SourceDate "2018.10.10"]
[SourceVersion "1"]
[SourceVersionDate "2018.10.10"]
[SourceQuality "1"]

1. e4 c5 2. Nf3 d6 3. d4 cxd4 4. Nxd4 Nf6 5. Nc3 a6 6. Be3 e5 7. Nb3 Be6 8. Nd5 Nxd5 9. exd5 Bf5 10. Bd3 Bxd3 11. Qxd3 Be7 12. 0-0 0-0 13. f4 Nd7 14. Rf3 f5 15. Rh3 e4 16. Qe2 Nf6 17. Rd1 Ng4 18. Nd4 Qd7 19. Ne6 Rf7 20. Bd4 Bf6 21. Bxf6 Nxf6 22. Ng5 Rff8 23. Ne6 Rfc8 24. Rc3 Rxc3 25. bxc3 Nxd5 26. Rxd5 Qxe6 27. Ra5 d5 28. Qe3 b6 29. Ra3 Qc6 30. Rb3 b5 31. h3 Rc8 32. Qd4 Qc5 33. Qxc5 Rxc5 34. Ra3 Rc6 35. Kf2 h5 36. Ke3 Kf7 37. Kd4 Ke6 38. Rb3 h4 39. Ke3 Kd6 40. Kd4 Rc4+ 41. Ke3 Kc5 42. Kd2 Kb6 43. Rb1 Ra4 44. Ra1 Ra3 45. g3 hxg3 46. Rg1 d4 47. Rxg3 dxc3+ 48. Kd1 Rxa2 49. Rxc3 Ra1+ 50. Ke2 Rg1 51. Kf2 Rg6 52. Rc8 Rc6 53. Rb8+ Ka7 54. Rf8 g6 55. Kg3 a5 56. Rd8 a4 57. Rd7+ Kb6 58. Rd1 Rxc2 59. Ra1 Ka5 60. Kh4 b4 61. Kg5 Rg2+ 0-1

[Event "Gibraltar Amateur op-B"]
[Site "Caleta"]
[Date "2017.01.31"]
[Round "4"]
[White "Dhanwani, Aryan"]
[Black "Jain, Anushree"]
[Result "0-1"]
[WhiteElo "1072"]
[BlackElo "1008"]
[PlyCount "82"]
[EventDate "2017.01.28"]
[EventType "swiss"]
[EventRounds "5"]
[EventCountry "GGB"]
[SourceTitle "EXT 2018"]
[Source "ChessBase"]
[SourceDate "2017.10.13"]
[SourceVersion "1"]
[SourceVersionDate "2017.10.13"]
[SourceQuality "1"]

1. e4 e5 2. Nf3 Nc6 3. Bb5 d6 4. d4 Bd7 5. dxe5 dxe5 6. Nc3 Bd6 7. 0-0 Nf6 8. Bg5 a6 9. Ba4 0-0 10. Nd5 Be7 11. Bxc6 Bxc6 12. Nxf6+ Bxf6 13. Qxd8 Bxd8 14. Bxd8 Raxd8 15. Rfe1 Rfe8 16. c3 b5 17. Rad1 Rxd1 18. Rxd1 Bxe4 19. Rd7 c6 20. Ra7 Rd8 21. h3 c5 22. Rc7 c4 23. Nxe5 f6 24. Nf3 Bf5 25. Nd4 Bc8 26. Nc6 Rd1+ 27. Kh2 Bd7 28. Nb8 Bf5 29. Nxa6 Rd2 30. Rc5 Bd7 31. Nb8 Be8 32. b3 Rxa2 33. bxc4 bxc4 34. Rxc4 Rxf2 35. Kg3 Bb5 36. Rc5 Rb2 37. Nc6 Bf1 38. Kh4 Rxg2 39. Rf5 Be2 40. Ra5 g5+ 41. Rxg5+ fxg5# 0-1